000
00304cam a2200121ua 4500
082
_a
631.45
_b
SCH/SO
100
_a
Schwab, Glenno .
245
_a
Soil and water conservation engineering /
260
_a
London :
_b
John Wiley & Sons ,
_c
1981.
300
_a
525 ; .
500
_a
Reference **
942
_c
BK
999
_c
4869
_d
4869